[Event "4NCL Online Division 5"]
[Site "online"]
[Date "2021.03.09"]
[EventDate "2021.03.09"]
[Round "4.21"]
[White "Liu, Jason"]
[WhiteElo "1361"]
[WhiteTeam "BCC Penguins"]
[Black "Price, Michael C"]
[BlackElo "1739"]
[BlackTeam "Uxbridge Bulldogs"]
[Result "0-1"]
[PlyCount "106"]

1. e4 c5 2. c4 Nc6 3. Nc3 g6 4. g3 Bg7 5. Bg2 e6 6. Nge2 Nge7 7. d3 O-O 8. Be3 b6 9. O-O Bb7 10. Qd2 Re8 11. Rab1 a5 12. Nb5 d5 13. exd5 exd5 14. cxd5 Nxd5 15. Nf4 Nxe3 16. fxe3 Rc8 17. Kh1 Ba8 18. Rbd1 Ne5 19. Bxa8 Rxa8 20. d4 Nc4 21. Qd3 Nxe3 22. Rde1 Nxf1 23. Rxe8+ Qxe8 24. Qxf1 Qe4+ 25. Qg2 Qb1+ 26. Qg1 Qxb2 27. Qf1 Bxd4 28. Nd5 Qf2 29. Qxf2 Bxf2 30. Nbc7 Rb8 31. Kg2 Bd4 32. a4 Rb7 33. Kf3 f5 34. h3 Kf7 35. Ke2 Be5 36. Nb5 Bxg3 37. Kd3 h5 38. Kc4 h4 39. Nbc3 f4 40. Ne4 Rd7 41. Ng5+ Kg7 42. Ne6+ Kh6 43. Nf6 Rd6 44. Ng4+ Kh7 45. Ng5+ Kg7 46. Kb5 Rd3 47. Ne5 Rb3+ 48. Kc6 Kf6 49. Nef3 Rb4 50. Kc7 c4 51. Kd6 c3 52. Kd5 c2 53. Ne4+ Rxe4 0-1

[Event "4NCL Online Division 5"]
[Site "online"]
[Date "2021.03.09"]
[EventDate "2021.03.09"]
[Round "4.22"]
[White "Knight, David"]
[WhiteElo "1671"]
[WhiteTeam "Uxbridge Bulldogs"]
[Black "Liu, Benjamin"]
[BlackElo "896"]
[BlackTeam "BCC Penguins"]
[Result "1-0"]
[PlyCount "125"]

1. c4 Nf6 2. Nf3 d6 3. Nc3 g6 4. g3 Bg7 5. Bg2 O-O 6. O-O e5 7. d4 exd4 8. Nxd4 Nbd7 9. Bg5 Qe7 10. Qd2 Qe5 11. Ndb5 c6 12. Nxd6 Nb6 13. Bf4 Qc5 14. Be3 Qe5 15. c5 Rd8 16. Bf4 Qxc5 17. Rfd1 Nc4 18. Nce4 Nxe4 19. Nxe4 Nxd2 20. Nxc5 Bxb2 21. Rab1 Bc3 22. Bxd2 Rxd2 23. Rxd2 Bxd2 24. Nxb7 Bf5 25. Rd1 Bb4 26. Bxc6 Rc8 27. Rd8+ Rxd8 28. Nxd8 Kg7 29. Bd5 Kf6 30. Nxf7 Be7 31. Nh6 Be6 32. Ng8+ Kf7 33. Nxe7 Kxe7 34. Bxe6 Kxe6 35. f4 Kf5 36. Kf2 Ke4 37. e3 Kd3 38. Kf3 Kc4 39. g4 Kb4 40. e4 Kc5 41. f5 gxf5 42. gxf5 Kd6 43. Kf4 Ke7 44. e5 Kf7 45. h4 Ke7 46. h5 h6 47. Ke4 Kf7 48. Kd5 Ke7 49. a4 Kd7 50. f6 Ke8 51. e6 Kf8 52. Kc6 Ke8 53. Kb7 Kd8 54. Kxa7 Ke8 55. Kb7 Kf8 56. a5 Ke8 57. a6 Kf8 58. a7 Kg8 59. a8=Q+ Kh7 60. Qa7 Kg8 61. Kc6 Kh8 62. e7 Kh7 63. e8=Q# 1-0

[Event "4NCL Online Division 5"]
[Site "online"]
[Date "2021.03.09"]
[EventDate "2021.03.09"]
[Round "4.23"]
[White "Bell, Euan"]
[WhiteElo "673"]
[WhiteTeam "BCC Penguins"]
[Black "Knight, Daniel"]
[BlackElo "1663"]
[BlackTeam "Uxbridge Bulldogs"]
[Result "0-1"]
[PlyCount "106"]

1. c4 e5 2. Nc3 Nc6 3. b3 Nf6 4. d3 h6 5. Nf3 Bc5 6. Bb2 d6 7. e3 O-O 8. g3 Bg4 9. Bg2 Qd7 10. O-O Bh3 11. Ne4 Nxe4 12. dxe4 Bxg2 13. Kxg2 Qg4 14. Nh4 Qxe4+ 15. Qf3 Qc2 16. Rab1 Rab8 17. Qg4 Bxe3 18. Nf5 Bg5 19. h4 g6 20. hxg5 Qxf5 21. Qxf5 gxf5 22. gxh6 Kh7 23. Rh1 Rh8 24. Rbf1 Kg6 25. Bc1 Rh7 26. Rh2 Nb4 27. a4 Nd3 28. Bd2 Rbh8 29. Rfh1 f4 30. gxf4 Nxf4+ 31. Kg3 Rxh6 32. Bxf4 Rxh2 33. Rxh2 Rxh2 34. Kxh2 exf4 35. f3 a5 36. Kg2 Kf5 37. Kf2 Ke5 38. Ke2 Kd4 39. Kd2 f5 40. c5 dxc5 41. Ke2 Kc3 42. Kd1 Kxb3 43. Kc1 Kxa4 44. Kb2 Kb4 45. Kc2 a4 46. Kb2 a3+ 47. Ka2 Kc3 48. Kxa3 Kd2 49. Kb2 c4 50. Kb1 c3 51. Ka1 c2 52. Ka2 c1=Q 53. Kb3 Qc3+ 0-1

[Event "4NCL Online Division 5"]
[Site "online"]
[Date "2021.03.09"]
[EventDate "2021.03.09"]
[Round "4.24"]
[White "Sagade, Nivedita"]
[WhiteElo "1600"]
[WhiteTeam "Uxbridge Bulldogs"]
[Black "Florczak, Adam"]
[BlackElo "720"]
[BlackTeam "BCC Penguins"]
[Result "1-0"]
[PlyCount "51"]

1. d4 d5 2. c4 c6 3. Nc3 Nf6 4. Nf3 g6 5. Bg5 Bg7 6. e3 Bg4 7. h3 Bf5 8. Be2 O-O 9. O-O Qb6 10. b3 Qd8 11. Rc1 e6 12. Ne5 Nbd7 13. g4 Be4 14. f3 Bxf3 15. Rxf3 c5 16. Nxd7 Qxd7 17. Bxf6 Bxf6 18. Rxf6 cxd4 19. Qxd4 Qd6 20. Qf4 Qc5 21. Rf1 Qe7 22. cxd5 exd5 23. Nxd5 Qd7 24. Rd6 Qc8 25. Ne7+ Kh8 26. Qf6# 1-0

[Event "4NCL Online Division 5"]
[Site "online"]
[Date "2021.03.09"]
[EventDate "2021.03.09"]
[Round "4.31"]
[White "Kumar, Sanjit S"]
[WhiteElo "1696"]
[WhiteTeam "KCJS 1"]
[Black "Povah, Nigel E"]
[BlackTitle "IM"]
[BlackElo "2280"]
[BlackTeam "Guildford Castles 1"]
[Result "0-1"]
[PlyCount "38"]

1. e4 c5 2. Nf3 e6 3. d4 cxd4 4. Nxd4 Nc6 5. Be3 Nf6 6. Nc3 Qc7 7. Be2 a6 8. Qd2 Bb4 9. f3 d5 10. exd5 Nxd5 11. O-O Nxe3 12. Qxe3 Nxd4 13. Qxd4 Bc5 14. Rad1 Bxd4+ 15. Rxd4 Qb6 16. Rd1 e5 17. Nd5 Qa7 18. Nc7+ Ke7 19. Nd5+ Kf8 0-1

[Event "4NCL Online Division 5"]
[Site "online"]
[Date "2021.03.09"]
[EventDate "2021.03.09"]
[Round "4.33"]
[White "Hill-Wood, T Wilfred D"]
[WhiteElo "1663"]
[WhiteTeam "KCJS 1"]
[Black "Young, Craig A"]
[BlackElo "2049"]
[BlackTeam "Guildford Castles 1"]
[Result "0-1"]
[PlyCount "80"]

1. e4 e5 2. Nf3 Nc6 3. d4 exd4 4. Nxd4 Nf6 5. Nc3 Bb4 6. Nxc6 bxc6 7. Bd3 d5 8. O-O Bxc3 9. bxc3 dxe4 10. Ba3 exd3 11. cxd3 Be6 12. Re1 Nd5 13. c4 Ne7 14. Bxe7 Kxe7 15. Kh1 Kf8 16. Qa4 c5 17. Qc6 g6 18. Rxe6 fxe6 19. Re1 Kg7 20. Qxc5 Qd6 21. Qg5 Rhf8 22. c5 Qd5 23. Re5 Rxf2 24. h3 Qd7 25. d4 c6 26. Qg3 Raf8 27. Re4 R2f5 28. h4 R8f7 29. Re5 Qxd4 30. Rxf5 exf5 31. h5 Qxc5 32. Qg5 Qe7 33. h6+ Kf8 34. Qf4 Qc7 35. Qd4 Ke7 36. Qc5+ Kd7 37. Qc4 Re7 38. g4 Qd6 39. Qa4 Re1+ 40. Kg2 Qd2+ 0-1

[Event "4NCL Online Division 5"]
[Site "online"]
[Date "2021.03.09"]
[EventDate "2021.03.09"]
[Round "4.34"]
[White "White, Nigel"]
[WhiteElo "2084"]
[WhiteTeam "Guildford Castles 1"]
[Black "Soulier, Alfred"]
[BlackElo "1624"]
[BlackTeam "KCJS 1"]
[Result "0-1"]
[PlyCount "105"]

1. e4 c5 2. Nf3 d6 3. d4 cxd4 4. Nxd4 Nf6 5. Nc3 a6 6. Bc4 e6 7. Bb3 Nbd7 8. Be3 Nc5 9. O-O Ncxe4 10. Nxe4 Nxe4 11. Re1 Nc5 12. Qf3 Be7 13. Rad1 Nxb3 14. axb3 O-O 15. Rd3 Qd7 16. Qd1 b5 17. f4 Bb7 18. c3 Rac8 19. Bc1 Rfd8 20. Rh3 g6 21. Qe2 Bf6 22. Nf3 Bxf3 23. Rxf3 Rc6 24. Rd1 Rdc8 25. Rfd3 d5 26. Be3 Qc7 27. g3 Be7 28. b4 a5 29. bxa5 Qxa5 30. b4 Qc7 31. Bd4 Ra8 32. Kg2 Rca6 33. R3d2 Qb8 34. h4 Bd6 35. Qg4 Qd8 36. h5 Qe7 37. Re2 Ra2 38. Rdd2 Rxd2 39. Rxd2 Kf8 40. Kf3 Ke8 41. Rh2 Kd7 42. Qh3 Ra3 43. hxg6 hxg6 44. Ke2 Ra2+ 45. Kd3 Rxh2 46. Qxh2 e5 47. fxe5 Bxe5 48. Bc5 Qf6 49. Qg2 Ke6 50. Qe2 Qf5+ 51. Kd2 Qg5+ 52. Kc2 Qxg3 53. Bd4 Qh2 0-1

[Event "4NCL Online Division 5"]
[Site "online"]
[Date "2021.03.09"]
[EventDate "2021.03.09"]
[Round "4.41"]
[White "Redding, Jonathan"]
[WhiteElo "1854"]
[WhiteTeam "Harborough Cuatro 1"]
[Black "Bajpayee, Yayin"]
[BlackElo "1095"]
[BlackTeam "Watford Juniors B"]
[Result "1-0"]
[PlyCount "109"]

1. d4 Nf6 2. Bf4 d5 3. Nf3 Bf5 4. c4 c6 5. Nc3 e6 6. Qb3 Qb6 7. c5 Qxb3 8. axb3 Nbd7 9. e3 Be7 10. b4 O-O 11. b5 h6 12. b4 Rfc8 13. Be2 Ne4 14. Nxe4 Bxe4 15. O-O Bxf3 16. Bxf3 Bf6 17. Be2 e5 18. Bg4 Rd8 19. Bxd7 Rxd7 20. dxe5 Bg5 21. bxc6 bxc6 22. Bxg5 hxg5 23. Rfd1 Re7 24. f4 gxf4 25. exf4 Rb7 26. Rd4 Rab8 27. g3 Rxb4 28. Rxb4 Rxb4 29. Rxa7 Rc4 30. Ra5 f6 31. e6 Kf8 32. Kf2 Re4 33. f5 g6 34. Ra8+ Kg7 35. Ra7+ Kf8 36. e7+ Rxe7 37. Rxe7 Kxe7 38. fxg6 Kf8 39. h4 Kg7 40. h5 d4 41. Ke2 f5 42. Kd3 f4 43. gxf4 Kh6 44. Kxd4 Kxh5 45. g7 Kg4 46. g8=Q+ Kxf4 47. Qf8+ Kg5 48. Ke5 Kg4 49. Qf5+ Kg3 50. Ke4 Kg2 51. Ke3 Kg1 52. Ke2 Kg2 53. Qg6+ Kh3 54. Kf3 Kh4 55. Qg4# 1-0

[Event "4NCL Online Division 5"]
[Site "online"]
[Date "2021.03.09"]
[EventDate "2021.03.09"]
[Round "4.42"]
[White "Waterfield, Mark"]
[WhiteElo "1711"]
[WhiteTeam "Watford Juniors B"]
[Black "Holland, Nicolas"]
[BlackElo "1103"]
[BlackTeam "Harborough Cuatro 1"]
[Result "1-0"]
[PlyCount "131"]

1. e4 e6 2. d4 d5 3. Nd2 c5 4. exd5 exd5 5. dxc5 Bxc5 6. Ngf3 Nf6 7. Bd3 O-O 8. O-O Re8 9. h3 Nc6 10. Nb3 Bd6 11. c3 b6 12. Bb5 Qd7 13. Nbd4 Bb7 14. Qa4 Rac8 15. Be3 Bc5 16. Rad1 Bxd4 17. Nxd4 a6 18. Bxc6 Bxc6 19. Nxc6 Rxc6 20. Qxa6 Qd6 21. Qd3 h6 22. a3 Re4 23. Bd4 Qe6 24. Bxf6 Qxf6 25. Qxd5 Re8 26. Qd7 Re2 27. Qd8+ Qxd8 28. Rxd8+ Kh7 29. Rb1 Rce6 30. Kf1 Rc2 31. Rd7 f5 32. Rd5 g6 33. Rd7+ Kg8 34. Re1 Rxe1+ 35. Kxe1 Rxb2 36. Rb7 Rb5 37. a4 Rb1+ 38. Ke2 g5 39. g3 h5 40. a5 b5 41. a6 Ra1 42. a7 Ra2+ 43. Kf1 f4 44. Rb8+ Kf7 45. a8=Q Rxa8 46. Rxa8 Ke6 47. Rb8 Ke5 48. Rxb5+ Ke4 49. c4 fxg3 50. fxg3 g4 51. Rxh5 gxh3 52. Rxh3 Kd4 53. g4 Kxc4 54. Rf3 Kd5 55. Rf2 Ke5 56. g5 Ke6 57. g6 Ke5 58. g7 Ke4 59. g8=R Ke3 60. Re8+ Kd3 61. Ke1 Kd4 62. Rd2+ Kc5 63. Rc8+ Kb6 64. Rb2+ Ka7 65. Rc1 Ka8 66. Ra1# 1-0

[Event "4NCL Online Division 5"]
[Site "online"]
[Date "2021.03.09"]
[EventDate "2021.03.09"]
[Round "4.43"]
[White "Garland, Michael A jnr"]
[WhiteElo "1692"]
[WhiteTeam "Harborough Cuatro 1"]
[Black "Khandelwal, Akshaj"]
[BlackElo "1083"]
[BlackTeam "Watford Juniors B"]
[Result "1-0"]
[PlyCount "93"]

1. e4 e6 2. c4 Nf6 3. Nc3 d5 4. cxd5 exd5 5. Qb3 dxe4 6. Bc4 Qe7 7. d3 Be6 8. Qxb7 Bxc4 9. dxc4 e3 10. Bxe3 Ng4 11. Qxa8 Nxe3 12. Qxb8+ Kd7 13. Qb5+ c6 14. Qb7+ Kd6 15. Qxe7+ Bxe7 16. fxe3 Re8 17. Nge2 Bh4+ 18. g3 Bf6 19. O-O Rxe3 20. Rad1+ Kc7 21. Kg2 Bxc3 22. Nxc3 f6 23. Rfe1 Rxe1 24. Rxe1 g5 25. Re7+ Kd6 26. Rxh7 f5 27. Kf2 f4 28. g4 f3 29. Ne4+ Ke5 30. Nxg5 a5 31. Nxf3+ Kd6 32. Nd2 a4 33. b3 a3 34. h4 c5 35. g5 Kc6 36. h5 Kb6 37. Rf7 Ka5 38. Nb1 Kb4 39. g6 Ka5 40. Rb7 Ka6 41. Rb5 Ka7 42. Ke3 Ka6 43. h6 Ka7 44. h7 Ka8 45. g7 Ka7 46. g8=R Ka6 47. Ra8# 1-0

[Event "4NCL Online Division 5"]
[Site "online"]
[Date "2021.03.09"]
[EventDate "2021.03.09"]
[Round "4.44"]
[White "Shah, Prem C"]
[WhiteElo "1075"]
[WhiteTeam "Watford Juniors B"]
[Black "Gibbison, Robert"]
[BlackElo "1570"]
[BlackTeam "Harborough Cuatro 1"]
[Result "0-1"]
[PlyCount "144"]

1. e4 e5 2. Nf3 Nc6 3. Bb5 d6 4. O-O Nf6 5. Nc3 Bd7 6. d3 h6 7. Be3 a6 8. Ba4 b5 9. Bb3 Na5 10. Bd5 c6 11. Bb3 Nxb3 12. cxb3 Be7 13. d4 exd4 14. Nxd4 b4 15. Na4 Nxe4 16. Qf3 d5 17. Rfe1 O-O 18. Rac1 c5 19. Nf5 Bxf5 20. Qxf5 Rc8 21. Red1 Nf6 22. Nxc5 Bxc5 23. Bxc5 Re8 24. Bxb4 Rxc1 25. Rxc1 Qb6 26. Bc5 Qxc5 27. Rf1 Qb4 28. h3 Re1 29. Qc8+ Re8 30. Qxa6 d4 31. Qd3 Re1 32. Kh2 Rxf1 33. Qxf1 Qd2 34. Qb1 Qxf2 35. b4 Qe3 36. Qd1 Ne4 37. b5 Qf4+ 38. Kg1 Qe3+ 39. Kh2 d3 40. b6 d2 41. b7 Qf4+ 42. Kg1 Qb8 43. Qb3 Nd6 44. Qd3 Nxb7 45. Qxd2 Qa7+ 46. Qf2 Qxa2 47. Qb6 Na5 48. b4 Nc4 49. Qd8+ Kh7 50. Qd3+ g6 51. h4 Qa1+ 52. Qf1 Qxf1+ 53. Kxf1 Nd6 54. Ke2 Kg7 55. Kd3 Kf6 56. Kd4 g5 57. hxg5+ hxg5 58. Kc5 Ke5 59. b5 f5 60. b6 f4 61. Kc6 g4 62. b7 Nxb7 63. Kxb7 f3 64. gxf3 gxf3 65. Kb6 f2 66. Kc5 f1=Q 67. Kc6 Qc4+ 68. Kb6 Kd6 69. Kb7 Qc6+ 70. Ka7 Qb5 71. Ka8 Kc7 72. Ka7 Qb7# 0-1

[Event "4NCL Online Division 5"]
[Site "online"]
[Date "2021.03.09"]
[EventDate "2021.03.09"]
[Round "4.51"]
[White "Sriram, Gautam"]
[WhiteElo "658"]
[WhiteTeam "Watford Juniors C"]
[Black "Trudeau, Gary"]
[BlackElo "1842"]
[BlackTeam "Calstock Killers"]
[Result "1-0"]
[PlyCount "23"]

1. e4 c5 2. Bc4 Nf6 3. Nc3 d6 4. d3 Nc6 5. Nf3 g6 6. Ng5 e6 7. O-O Bg7 8. Be3 O-O 9. a3 h6 10. Nf3 b6 11. Bb5 Nd7 12. Bxc6 1-0

[Event "4NCL Online Division 5"]
[Site "online"]
[Date "2021.03.09"]
[EventDate "2021.03.09"]
[Round "4.61"]
[White "Eccleston, Bryony"]
[WhiteElo "1387"]
[WhiteTeam "Manchester Juniors C"]
[Black "Vaidya, Raghav"]
[BlackElo "1818"]
[BlackTeam "Barnet Knights B"]
[Result "0-1"]
[PlyCount "100"]

1. d4 Nf6 2. Bf4 c5 3. c3 Qb6 4. Qc2 cxd4 5. cxd4 Nc6 6. e3 d5 7. Nf3 Bf5 8. Qd2 e6 9. Nc3 Bb4 10. Bb5 Ne4 11. Bxc6+ Qxc6 12. Ne5 Qc8 13. Qc2 O-O 14. Qb3 Bxc3+ 15. bxc3 Qxc3+ 16. Qxc3 Nxc3 17. Nd7 Rfd8 18. Nc5 b6 19. Nb7 Rd7 20. Nd6 g5 21. Nxf5 gxf4 22. Nh6+ Kg7 23. Ng4 fxe3 24. fxe3 Rc7 25. O-O Rac8 26. Ne5 f6 27. Ng4 Ne4 28. Rf4 Rc2 29. h3 Re2 30. Raf1 Rcc2 31. Nf2 Nxf2 32. R4xf2 Rxa2 33. g4 Rxf2 34. Rxf2 Rxf2 35. Kxf2 a5 36. Ke2 a4 37. Kd2 b5 38. Kc2 b4 39. Kb2 Kg6 40. Kc2 Kg5 41. Kd3 Kh4 42. Kc2 Kxh3 43. g5 fxg5 44. Kd3 g4 45. Ke2 a3 46. Kd2 a2 47. Kc2 a1=Q 48. Kd2 g3 49. Ke2 g2 50. Kf2 Qf1# 0-1

[Event "4NCL Online Division 5"]
[Site "online"]
[Date "2021.03.09"]
[EventDate "2021.03.09"]
[Round "4.62"]
[White "Eedle, Eric F"]
[WhiteElo "1825"]
[WhiteTeam "Barnet Knights B"]
[Black "Correa, Edward"]
[BlackElo "1270"]
[BlackTeam "Manchester Juniors C"]
[Result "1-0"]
[PlyCount "101"]

1. d4 Nf6 2. c4 g6 3. f3 Bg7 4. e4 d6 5. Nc3 O-O 6. Be3 Nbd7 7. Nge2 e5 8. d5 c6 9. Qd2 Qc7 10. g4 Re8 11. Ng3 h5 12. gxh5 Nxh5 13. Nxh5 gxh5 14. Bh3 Nf6 15. Bxc8 Raxc8 16. Rg1 Kf8 17. O-O-O c5 18. Rg2 a6 19. Rdg1 Bh8 20. h4 Ke7 21. Bg5 Qb8 22. Nd1 Rg8 23. Ne3 Rg6 24. Nf5+ Kd7 25. Bxf6 Rxg2 26. Qxg2 Bxf6 27. Qh3 Kc7 28. Nh6 Rf8 29. Nf5 Rg8 30. Qh2 Qd8 31. Rxg8 Qxg8 32. Qg3 Qxg3 33. Nxg3 Bxh4 34. Nxh5 f6 35. Ng7 Bg5+ 36. Kc2 b5 37. b3 b4 38. Nf5 a5 39. Kd3 Kd7 40. Ke2 Kc7 41. Kf2 Kd7 42. Kg3 Kc7 43. Kg4 a4 44. Kh5 axb3 45. axb3 Kd7 46. Kg6 Kc7 47. Kg7 Kd7 48. Kf7 Kc7 49. Ke6 Kd8 50. Kxd6 Ke8 51. Kxc5 1-0

[Event "4NCL Online Division 5"]
[Site "online"]
[Date "2021.03.09"]
[EventDate "2021.03.09"]
[Round "4.63"]
[White "Pearson, Matt D"]
[WhiteElo "1232"]
[WhiteTeam "Manchester Juniors C"]
[Black "Vyas, Alisha"]
[BlackElo "1695"]
[BlackTeam "Barnet Knights B"]
[Result "0-1"]
[PlyCount "60"]

1. e4 c5 2. Nf3 d6 3. Bc4 g6 4. b3 Bg7 5. c3 Nf6 6. d4 Nxe4 7. Bg5 cxd4 8. cxd4 O-O 9. O-O Bg4 10. h3 Bxf3 11. Qxf3 Nxg5 12. Qxb7 Nd7 13. f4 Bxd4+ 14. Kh2 Ne6 15. Nd2 Nec5 16. Rae1 Nxb7 17. f5 Ne5 18. fxg6 hxg6 19. Ba6 Nc5 20. Bb5 a6 21. Bc4 Nxc4 22. bxc4 Bc3 23. Re2 Bxd2 24. Rxd2 Qa5 25. Re2 Qc3 26. Rxe7 Qxc4 27. Rf3 Rae8 28. Ra7 Qe4 29. Rc3 Qf4+ 30. Kh1 Re1# 0-1

[Event "4NCL Online Division 5"]
[Site "online"]
[Date "2021.03.09"]
[EventDate "2021.03.09"]
[Round "4.64"]
[White "Sanfey, Gregor"]
[WhiteElo "1677"]
[WhiteTeam "Barnet Knights B"]
[Black "Topping, Rachel"]
[BlackElo "1225"]
[BlackTeam "Manchester Juniors C"]
[Result "1-0"]
[PlyCount "59"]

1. d4 d5 2. c4 Nf6 3. cxd5 Qxd5 4. Nc3 Qa5 5. f3 Nd5 6. Bd2 e6 7. e4 Nxc3 8. Bxc3 Bb4 9. Qd2 Nc6 10. Bc4 e5 11. d5 Nd4 12. Rc1 O-O 13. Bxb4 Qb6 14. Bxf8 Kxf8 15. Ne2 Nxe2 16. Qxe2 Qb4+ 17. Qd2 Qxd2+ 18. Kxd2 Bd7 19. Bb3 c6 20. dxc6 bxc6 21. Rhd1 Ke8 22. Rc5 Rd8 23. Ke3 f6 24. Ba4 Rb8 25. b3 g6 26. Bxc6 Bxc6 27. Rxc6 Ke7 28. Rc7+ Ke8 29. Rdd7 Rd8 30. Rxh7 1-0

[Event "4NCL Online Division 5"]
[Site "online"]
[Date "2021.03.09"]
[EventDate "2021.03.09"]
[Round "4.71"]
[White "Robins, Andrew"]
[WhiteElo "1761"]
[WhiteTeam "Ashfield Anonymous D"]
[Black "Zhang, Zheming"]
[BlackElo "2092"]
[BlackTeam "Forest Hall Juniors"]
[Result "0-1"]
[PlyCount "98"]

1. e4 e6 2. d4 d5 3. Nd2 Nf6 4. e5 Nfd7 5. c3 c5 6. Bd3 Nc6 7. Ne2 cxd4 8. cxd4 f6 9. exf6 Nxf6 10. Nf3 Bd6 11. O-O Qc7 12. g3 O-O 13. Bf4 Bd7 14. Rc1 Bxf4 15. Nxf4 Qd6 16. Re1 Rae8 17. Ne5 Re7 18. Rc3 Be8 19. Qd2 Nd7 20. Nxc6 bxc6 21. Qc2 Nf6 22. Re5 g6 23. Qe2 Bf7 24. Bc2 Nd7 25. Ree3 Rfe8 26. Ba4 Rc8 27. Qa6 Nb6 28. Nd3 Rcc7 29. Ne5 Be8 30. Bc2 Qb4 31. Qa3 Qxa3 32. bxa3 Kg7 33. Rc5 Nd7 34. Nxd7 Bxd7 35. Ba4 Re8 36. Rec3 Rec8 37. f4 Kf6 38. Kg2 Ke7 39. h3 Kd6 40. g4 Rb8 41. Rb3 Rb6 42. Rbc3 Rcb7 43. Bb3 Ra6 44. Kf3 Rxa3 45. Ke3 a5 46. Bc2 Rxa2 47. Kd3 Rb5 48. Rxb5 cxb5 49. Rb3 b4 0-1

[Event "4NCL Online Division 5"]
[Site "online"]
[Date "2021.03.09"]
[EventDate "2021.03.09"]
[Round "4.72"]
[White "Johnston, Alexander"]
[WhiteElo "1593"]
[WhiteTeam "Forest Hall Juniors"]
[Black "Bentley, Alex"]
[BlackElo "1750"]
[BlackTeam "Ashfield Anonymous D"]
[Result "1-0"]
[PlyCount "71"]

1. e4 c5 2. c3 d5 3. exd5 Qxd5 4. Nf3 Bg4 5. Be2 Nf6 6. d4 cxd4 7. cxd4 e6 8. Nc3 Qa5 9. h3 Bh5 10. Bd2 Qd8 11. O-O Be7 12. Bf4 a6 13. a3 O-O 14. Rc1 Nbd7 15. Re1 Nb6 16. Ne5 Bxe2 17. Rxe2 Nbd5 18. Nxd5 Nxd5 19. Bg3 Bg5 20. Rc4 Qe7 21. Rec2 Rfd8 22. Nf3 Bf6 23. Qe2 g6 24. Be5 Bxe5 25. Qxe5 b5 26. Rc6 Qb7 27. Ng5 Rac8 28. Rxc8 Rxc8 29. Nxe6 f6 30. Rxc8+ Qxc8 31. Qxd5 Qc1+ 32. Kh2 h5 33. Qd7 Qh6 34. Qe8+ Kh7 35. Qf7+ Kh8 36. Qxf6+ 1-0

[Event "4NCL Online Division 5"]
[Site "online"]
[Date "2021.03.09"]
[EventDate "2021.03.09"]
[Round "4.73"]
[White "Hardman, Daniel"]
[WhiteElo "1536"]
[WhiteTeam "Ashfield Anonymous D"]
[Black "Amoako Philip Selikem Yao"]
[BlackElo "1453"]
[BlackTeam "Forest Hall Juniors"]
[Result "0-1"]
[PlyCount "148"]

1. e4 c6 2. Nc3 d5 3. Nf3 Bg4 4. h3 Bh5 5. g4 Bg6 6. exd5 cxd5 7. Bb5+ Nc6 8. Ne5 Qc7 9. Nxg6 hxg6 10. Nxd5 Qe5+ 11. Qe2 Qxd5 12. f3 a6 13. Bc4 Qe5 14. Qe4 Qg3+ 15. Kf1 Rxh3 16. Rxh3 Qxh3+ 17. Kf2 Qh2+ 18. Kf1 Nf6 19. Qe3 Qe5 20. Qb3 b5 21. Bxf7+ Kd8 22. Bxg6 Qd5 23. Qxd5+ Nxd5 24. Be4 e6 25. d3 Rc8 26. Bg5+ Be7 27. Bd2 g5 28. Re1 Nf4 29. a3 Nd4 30. c3 Nb3 31. Bxf4 gxf4 32. Bb7 Rb8 33. Be4 Nc5 34. Kg2 Kd7 35. d4 Na4 36. Re2 Rh8 37. Bb7 a5 38. Ba6 Rb8 39. c4 bxc4 40. Bxc4 Rxb2 41. Bxe6+ Kd6 42. Rxb2 Nxb2 43. Bb3 a4 44. Ba2 Kd7 45. Bb1 Bxa3 46. Bc2 Bb4 47. Kh3 a3 48. Bb3 Nd3 49. g5 Ke7 50. Kg4 Bd6 51. Kf5 Nc1 52. Be6 a2 53. Bxa2 Nxa2 54. g6 Nb4 55. g7 Kf7 56. g8=Q+ Kxg8 57. Ke6 Bb8 58. d5 Nxd5 59. Kxd5 Kf7 60. Ke4 Ke6 61. Kd4 Kf5 62. Kd3 Ke5 63. Kc3 Kf5 64. Kd3 Kg5 65. Ke2 Ba7 66. Kf1 Kh4 67. Kg2 Be3 68. Kh2 Bf2 69. Kg2 Bg3 70. Kh1 Kh3 71. Kg1 Bh4 72. Kf1 Kg3 73. Ke2 Kg2 74. Kd3 Kxf3 0-1

[Event "4NCL Online Division 5"]
[Site "online"]
[Date "2021.03.09"]
[EventDate "2021.03.09"]
[Round "4.74"]
[White "Hutchins, Andrew"]
[WhiteElo "1460"]
[WhiteTeam "Forest Hall Juniors"]
[Black "Fraser, Chris"]
[BlackElo "1607"]
[BlackTeam "Ashfield Anonymous D"]
[Result "1-0"]
[PlyCount "73"]

1. d4 Nf6 2. c4 e6 3. g3 Bb4+ 4. Bd2 Qe7 5. Nf3 Bxd2+ 6. Qxd2 O-O 7. Bg2 d6 8. O-O Nc6 9. Nc3 e5 10. d5 Nb8 11. e4 Na6 12. Rfe1 Nc5 13. b4 Ncd7 14. Rac1 a5 15. a3 axb4 16. axb4 b6 17. Nb5 Nb8 18. Qc2 Bb7 19. c5 bxc5 20. bxc5 dxc5 21. Qxc5 Qxc5 22. Rxc5 c6 23. dxc6 Nxc6 24. Nxe5 Nxe5 25. Rxe5 Ra5 26. f4 h6 27. Rb1 Ba6 28. Nc7 Bd3 29. Rd1 Ra3 30. Nd5 Nd7 31. Ne7+ Kh7 32. Rd5 Bc2 33. Rxd7 Bxd1 34. Rxd1 Rb8 35. e5 Ra2 36. Bd5 Rc2 37. Be4+ 1-0

[Event "4NCL Online Division 5"]
[Site "online"]
[Date "2021.03.09"]
[EventDate "2021.03.09"]
[Round "4.81"]
[White "Kriman, Salim"]
[WhiteElo "2000"]
[WhiteTeam "Hackney Hackers"]
[Black "Foale, Ron"]
[BlackElo "1511"]
[BlackTeam "Uxbridge Cyclones"]
[Result "1-0"]
[PlyCount "51"]

1. d4 d5 2. c4 e6 3. Nc3 Nf6 4. Bg5 Be7 5. Nf3 h6 6. Bxf6 Bxf6 7. Qb3 O-O 8. cxd5 exd5 9. Qxd5 Nc6 10. Qxd8 Rxd8 11. e3 Bg4 12. Be2 Nb4 13. O-O a6 14. Rac1 c6 15. Rfd1 Rac8 16. a3 Nd5 17. Ne4 Be7 18. h3 Be6 19. Nc5 Rc7 20. Nxe6 fxe6 21. g3 Bf6 22. Bc4 b5 23. Bb3 Kf7 24. Ne5+ Bxe5 25. dxe5 c5 26. e4 1-0

[Event "4NCL Online Division 5"]
[Site "online"]
[Date "2021.03.09"]
[EventDate "2021.03.09"]
[Round "4.82"]
[White "Foster, Brian E"]
[WhiteElo "1544"]
[WhiteTeam "Uxbridge Cyclones"]
[Black "Levy, Christopher A"]
[BlackElo "1844"]
[BlackTeam "Hackney Hackers"]
[Result "1-0"]
[PlyCount "126"]

1. d4 e6 2. c4 f5 3. Nf3 Nf6 4. Nc3 Be7 5. e3 O-O 6. Be2 d6 7. Bd2 Ne4 8. Bd3 Nxc3 9. Bxc3 Bf6 10. O-O Qe7 11. Qc2 c6 12. a3 e5 13. dxe5 Bxe5 14. Nxe5 dxe5 15. Rfe1 e4 16. Bf1 Nd7 17. Rad1 Nf6 18. Qd2 Be6 19. Qd6 Rae8 20. Qxe7 Rxe7 21. Bb4 Kf7 22. Rd2 Nd7 23. Bxe7 Kxe7 24. b4 c5 25. Rc1 Rc8 26. b5 Ne5 27. Be2 g5 28. f3 exf3 29. gxf3 f4 30. exf4 gxf4 31. Kf2 b6 32. Rdd1 Rf8 33. Rg1 Kf6 34. a4 Rd8 35. Rgd1 Rg8 36. Rd6 Ke7 37. Rcd1 Bh3 38. Bf1 Be6 39. R1d2 h5 40. Rd1 h4 41. R6d2 Kf6 42. Re1 Bxc4 43. Bxc4 Nxc4 44. Rd7 h3 45. Rg1 Rxg1 46. Kxg1 Ne5 47. Rxa7 Nxf3+ 48. Kh1 Nd2 49. Ra6 Nc4 50. a5 Nxa5 51. Rxb6+ Kg5 52. Rc6 c4 53. Rc5+ Kg4 54. b6 Nb7 55. Rxc4 Kf3 56. Rc3+ Kg4 57. Kg1 Nd6 58. Rc6 Nb7 59. Rc7 Na5 60. b7 Nxb7 61. Rxb7 Kf3 62. Rh7 Kg4 63. Kf2 f3 1-0

[Event "4NCL Online Division 5"]
[Site "online"]
[Date "2021.03.09"]
[EventDate "2021.03.09"]
[Round "4.83"]
[White "Figueroa, Edison"]
[WhiteElo "1819"]
[WhiteTeam "Hackney Hackers"]
[Black "Pordes, Ben"]
[BlackElo "1527"]
[BlackTeam "Uxbridge Cyclones"]
[Result "1-0"]
[PlyCount "77"]

1. e4 e6 2. Nf3 d5 3. e5 c5 4. b4 d4 5. bxc5 Bxc5 6. Bd3 Nc6 7. a3 Nge7 8. O-O Ng6 9. Re1 Qc7 10. Bxg6 hxg6 11. d3 b6 12. Bf4 Bb7 13. Nbd2 Ne7 14. Ne4 Nd5 15. Bg3 Rc8 16. Qd2 Nc3 17. Nd6+ Bxd6 18. exd6 Qc6 19. Qg5 O-O 20. h4 Nb5 21. h5 gxh5 22. Qxh5 Qxc2 23. Qxb5 Rc5 24. Qb1 Qa4 25. Qb4 Qc2 26. Rac1 Qxc1 27. Rxc1 Rxc1+ 28. Kh2 Rd8 29. Qxd4 f6 30. Qe3 Rc3 31. Qxe6+ Kh8 32. Qe7 Rg8 33. Qxb7 Rxd3 34. Qe4 Rd8 35. Qxd3 Kg8 36. Qd5+ Kf8 37. d7 Ke7 38. Qd6+ Kf7 39. Nd4 1-0